Teoría y práctica del periodismo científico : para desacralizar y democratizar el conocimiento acumulado /

Guardado en:
Bibliografiske detaljer
Hovedforfatter: Prenafeta Jenkin, Sergio (autor)
Format: Bog
Sprog:spansk
Udgivet: Santiago, Chile : Andrés Bello, 2002, c2002
Fag:
Tags: Tilføj Tag
Ingen Tags, Vær først til at tagge denne postø!

MARC

LEADER 00000nam^a2200000^a^4500
001 000182963
005 20250521000000.0
009 20260310102024.43
020 |a 956-13-1748-6 
037 |a Acervo ITESO - Biblioteca 
041 |a ESP 
082 |a 302. 231123  |b PRE 
100 |a Prenafeta Jenkin, Sergio  |e (autor) 
245 1 0 |a Teoría y práctica del periodismo científico :  |b para desacralizar y democratizar el conocimiento acumulado /  |c S. Prenafeta Jenkin ; presen. de Jorge E. Allende. 
264 4 |a Santiago, Chile :  |b Andrés Bello,  |c 2002, c2002 
300 |a 304 p. 
336 |a texto  |b txt  |2 rdacontenido 
337 |a sin mediación  |b n  |2 rdamedio 
338 |a volumen  |b nc  |2 rdasoporte 
649 |a XX 
650 |a Periodismo Científico 
650 |a Géneros Periodísticos 
650 |a Ciencia -  |x Difusión 
650 |a Ciencia -  |x Historia 
650 |a Tecnología y Sociedad 
650 |a Sociología de la Ciencia 
650 |a Medios de Comunicación 
910 |a Fondo General 
920 |a Impresos - Libros 
930 |a Colección General 
905 |a 101 
901 |a 0500122998  |b IT1  |c ACC  |u 20250521 
902 |a https://opac.biblio.iteso.mx/vufind/Record/000182963